| 000 | 01541 a2200301 4500 | ||
|---|---|---|---|
| 003 | Nust | ||
| 005 | 20170207154018.0 | ||
| 010 | _a 2002277488 | ||
| 020 | _a0596001436 | ||
| 035 | _a(OCoLC)ocm48114116 | ||
| 040 | _cNust | ||
| 082 | 0 | 0 | _a005.72 |
| 100 | 1 | _aBurke, Eric M. | |
| 245 | 1 | 0 |
_aJava and XSLT /(E-BOOK) _cEric M. Burke. |
| 246 | 1 | _aEmbedding XML processing into Java applications | |
| 250 | _a1st ed. | ||
| 260 |
_aBeijing ; _aCambridge [Mass.] : _bO'Reilly, _cc2001. |
||
| 300 |
_axvi, 510 p. : _bill. ; _c24 cm. |
||
| 500 | _aIncludes index. | ||
| 505 | _aChapter 1. Understanding the Messaging Paradigm (Page-6) Chapter 2. Developing a Simple Example (Page-19) Chapter 3. Anatomy of a JMS Message (Page-33) Chapter 4. Publish-and-Subscribe Messaging (Page- 53) Chapter 5. Point-to-Point Messaging (Page-69) Chapter 6. Guaranteed Messaging, Transactions, Acknowledgments & Failures (Page- 84) Chapter 7. Deployment Considerations (Page- 108) Chapter 8. J2EE, EJB, and JMS (Page-122) Chapter 9. JMS Providers.(Page- 133) | ||
| 650 | 0 | _aJava (Computer program language) | |
| 650 | 0 | _aXML (Document markup language) | |
| 650 | 0 | _aXSLT (Computer program language) | |
| 651 | _aJava and XSLT /(E-BOOK) | ||
| 856 | 4 | 2 |
_3Contributor biographical information _uhttp://www.loc.gov/catdir/enhancements/fy0912/2002277488-b.html |
| 856 | 4 | 2 |
_3Publisher description _uhttp://www.loc.gov/catdir/enhancements/fy0715/2002277488-d.html |
| 856 | 4 | 2 |
_3Table of contents only _uhttp://www.loc.gov/catdir/enhancements/fy1009/2002277488-t.html |
| 942 |
_2ddc _cBK |
||
| 999 |
_c191542 _d191542 |
||